Ποιήματα : θυσίες και μνήμες
Αποθηκεύτηκε σε:
| Κύριος συγγραφέας: | |
|---|---|
| Μορφή: | Βιβλίο |
| Γλώσσα: | Greek |
| Δημοσίευση: |
Αθήνα :
Ιωλκός,
1978
|
| Θέματα: | |
| Ετικέτες: |
Προσθήκη ετικέτας
Δεν υπάρχουν, Καταχωρήστε ετικέτα πρώτοι!
|
MARC
| LEADER | 00000cam a2200000 i 4500 | ||
|---|---|---|---|
| 001 | 1/61941 | ||
| 008 | 040928s1978 gre d | ||
| 035 | |l 10074563 | ||
| 040 | |a GR-MY-UA |b gre |e aacr | ||
| 041 | 0 | |a gre | |
| 082 | 0 | |a 889.1 | |
| 100 | 1 | |a Χριστοδουλάκης, Χρήστος Δ., |d 1924-2005. | |
| 245 | 1 | 0 | |a Ποιήματα : |b θυσίες και μνήμες / |c Χρήστος Δ. Χριστοδουλάκης |
| 260 | |a Αθήνα : |b Ιωλκός, |c 1978 | ||
| 300 | |a 47 σ.; |c 24 εκ. | ||
| 650 | 0 | 0 | |a Poets, Greek (Modern) |z Greece |z Samos (Municipality) . |
| 650 | 0 | 0 | |a Greek poetry, Modern. |
| 852 | |a INST |b SAMOS |e 20040928 |h 889.1 ΧΡΙ |p 005300023078 |q 005300023078 |t BK |y 0 | ||
| 901 | |a BIBL3-2004-3 | ||
| 909 | |a Σ |b 107573 | ||
| 970 | |a ΜΑΛΑΓΑΡΗ |b ΦΩΤΕΙΝΗ |z 2004/09/29 | ||